| 000 | 00457nam a2200193Ia 4500 | ||
|---|---|---|---|
| 005 | 20240823035438.0 | ||
| 008 | 240823s9999||||xx |||||||||||||| ||und|| | ||
| 020 | _a85168-127-2 | ||
| 041 | _aENGLISH | ||
| 082 | _A150.1952 P7 | ||
| 100 | _aBernhard Handlbauer | ||
| 245 | 4 | _aThe Freud Adler Controversy | |
| 250 | _a1st | ||
| 260 |
_c2007 _b"Viva Books, Privated Li" |
||
| 500 | _aYES | ||
| 650 |
_aNovel _bEnglish |
||
| 942 | _cBK | ||
| 999 |
_c200706 _d200706 |
||